banner-ar

الانثروبولوجيا فى المجال النظرى / (Record no. 55656)

MARC details
000 -الفاتح
حقل البيانات ثابتة الطول 00702nam a2200205Ia 4500
008 - عناصر البيانات ثابتة الطول - معلومات عامة
حقل البيانات ثابتة الطول 140319s9999 xx 000 0 ara d
040 ## - مصدر الفهرسة
وكالة الفهرسة الأصلية GCL /
وكالة النسخ GCL
082 04 - رقم تصنيف ديوى العشرى
رقم التصنيف 301.204
رقم المادة ح ا
100 1# - المدخل الرئيسى - إسم شخصى
الإسم الشخصى حسين عبدالحميد احمد رشوان
245 10 - بيان العنوان
العنوان الانثروبولوجيا فى المجال النظرى /
بيان المسئوليه,etc حسين عبدالحميد احمد رشوان
260 ## - PUBLICATION, DISTRIBUTION, ETC. (IMPRINT)
تاريخ النشر أو التوزيع 1988
300 ## - الوصف المادى
التعداد 163 ص
490 ## - بيان السلسلة
عنوان السلسلة
650 04 - المدخل الاضافى بالموضوع-مصطلح موضوعى
مصطلح موضوعي الاجتماع
650 04 - المدخل الاضافى بالموضوع-مصطلح موضوعى
مصطلح موضوعي الانثربولوجيا
650 04 - المدخل الاضافى بالموضوع-مصطلح موضوعى
مصطلح موضوعي التغير الاجتماعى
650 04 - المدخل الاضافى بالموضوع-مصطلح موضوعى
مصطلح موضوعي الانثربولوجيا التطبيقية
942 ## - عناصر المدخل الإضافي( كوها)
مصدر التصنيف او مخطط الترفيف Dewey Decimal Classification
Koha [default] item type كتاب
260 ## - PUBLICATION, DISTRIBUTION, ETC. (IMPRINT)
-- [S.N] :
-- المكتب الجامعى الحديث ،
Holdings
حالة التراجع حالة الفقد حالة تلف ليس للاعارة المكان المؤقت الموقع الحالى تاريخ الاكتساب اجمالي اﻻعارات رقم الطلب الباركود تاريخ اخر مشاهدة تاريخ تفعيل السعر نوع وعاء كوها
        مكتبة القاهرة الكبرى مكتبة القاهرة الكبرى 03/26/2014   301.204\ح ا 133666 03/26/2014 03/26/2014 كتاب
        مكتبة القاهرة الكبرى مكتبة القاهرة الكبرى 03/26/2014   301.204\ح ا 133667 03/26/2014 03/26/2014 كتاب
        مكتبة القاهرة الكبرى مكتبة القاهرة الكبرى 03/26/2014   301.204\ح ا 133668 03/26/2014 03/26/2014 كتاب

Powered By

EGPV